Antoni Tàpies, cos i llenguatge
ISBN:
84-7794-929-8
Descripción Física:
72 p. : il. col. ; 22 cm
MARC
| LEADER | 00000nam a2200000Ia 4500 | ||
|---|---|---|---|
| 001 | 16160 | ||
| 003 | BGR | ||
| 005 | 20260324175652.0 | ||
| 008 | 160829s2003 xx 000 0 cat d | ||
| 020 | |a 84-7794-929-8 | ||
| 080 | |a B-2-56 | ||
| 100 | 1 | |a Tàpies, AntonI, |d 1923-2012 |9 28506 | |
| 245 | |a Antoni Tàpies, cos i llenguatge | ||
| 260 | |a Barcelona : |b Diputació de Barcelona : |b Fundació Antoni Tàpies, |c 2003 | ||
| 300 | |a 72 p. : |b il. col. ; |c 22 cm | ||
| 590 | |a Catàleg de l'exposició. | ||
| 590 | |a Text en català, castellà i anglès. | ||
| 590 | |a Bibliografia p. 60 | ||
| 600 | 1 | 0 | |a Tàpies, AntonI, |d 1923-2012 |v Exposicions |9 55206 |
| 710 | 1 | |a Barcelona (Catalunya : Província). |b Diputació |9 52408 | |
| 710 | 2 | |a Fundació Antoni Tàpies |9 70973 | |
| 901 | |a Arxiu | ||
| 942 | |n 1 |2 udc |c MON | ||
| 952 | |0 0 |1 0 |4 0 |6 B256 |7 1 |9 47782 |a Arxiu |b Arxiu |d 2016-12-01 |l 0 |o B-2-56 |p 16160 |r 2016-12-01 00:00:00 |w 2016-12-01 |y ARXIU | ||
| 999 | |c 51581 |d 51581 | ||